The Great Vocabulary Letter Heist - Statistics

General Stats
  • This quiz has been taken 39,464 times
  • The average score is 11 of 15
Answer Stats
Question Answer % Correct
Dead body Copse
91%
A close acquaintance Fiend
90%
Fame Celerity
89%
A group of 12 Doze
89%
Shore line Cost
88%
Physical well-being Heath
88%
Intense anger; resentment Outage
88%
Culinary herb Parley
88%
Member of a fighting force Solder
88%
A male relation Bother
87%
Cheek makeup Bush
87%
Professional pursuit; life's work Carer
87%
Loose fragments of rock Gavel
87%
To express gratitude Tank
87%
A bound collection of maps Alas
86%
Sporting venue Area
86%
Legal advocate Layer
86%
Model of the Earth Lobe
86%
Team leader; administrator Manger
86%
Slightly wet Most
86%
Barnyard bird Roster
86%
A steady current of water Steam
86%
Pertaining to the universe Comic
85%
To embellish food Garish
85%
Living quarters; residence Hose
85%
A sequence of words Phase
85%
Noise of thunder Ruble
85%
Winter garment Scar
85%
To rob; to steal Bugle
84%
To draw up plans for Deign
84%
A place of utmost happiness; firmament Haven
84%
To put or thrust in Inert
84%
To leap forward Luge
84%
Of or relating to the sea Marie
84%
Team football sport Ruby
84%
Common canned fish Salon
84%
Wood suitable for building Tiber
84%
Essential Vial
84%
Mix of metals Ally
83%
Clothing fold Cease
83%
To reflect; to think on deeply Mediate
83%
Primate Money
83%
Indigenous Naive
83%
Sacred poem Palm
83%
Part of a whole Potion
83%
Doubter; non-believer Septic
83%
Rapid; fast Sift
83%
Large feline Tier
83%
Intestine; gut Bowl
82%
A binding agreement Contact
82%
Milled wheat Four
82%
To raise a flag Host
82%
Part of a flower Peal
82%
Teaching staff Faulty
81%
Concealed; hidden Overt
81%
Disloyalty at a national level Reason
81%
Unpaid servant Save
81%
An earnest request Appal
80%
A butcher's cutting tool Clever
80%
Disease caused by lack of vitamin C Curvy
80%
To recoil; to shrink back Finch
80%
To search for food Forge
80%
Cargo load Fright
80%
To leave one's job Reign
80%
Extremely cold Rigid
80%
A disgraceful event Sandal
80%
Frenzied; brutal Violet
80%
Place for a defenestration Widow
80%
Hiatus Beak
79%
To allege; to assert Clam
79%
To fear greatly Dead
79%
Military award Meal
79%
Muscle injury Stain
79%
DNA segment; piece of hair, eg. Stand
79%
Cone-bearing tree Confer
78%
To banish; to exile Depot
78%
A small boat Dingy
78%
Gentle; compassionate Kid
78%
To kill in large numbers Laughter
78%
Of or relating to the mind Metal
78%
Feather Plum
78%
Line of latitude Topic
78%
Christmas garland Wrath
78%
Thrifty Fugal
77%
Wager Gable
77%
Holy sanctuary Shine
77%
Thrusting weapon Word
77%
Dull pain Ace
76%
A lapse in security Beach
76%
To advocate earnestly Peach
76%
Peace agreement True
76%
Diving apparatus Cuba
75%
Serious; solemn Gave
75%
To exult smugly in victory Goat
75%
Knightly combat Just
75%
Thin fragment Liver
75%
Bedspread Quit
75%
Source of caviar Surgeon
75%
To grind one's teeth Gash
74%
To chop into very small pieces Mine
74%
Of or relating to death Moral
74%
Calm; self-assured Posed
74%
To take an oath; to pledge Sear
74%
To slightly burn; scorch Sine
74%
Source of danger Treat
74%
To reduce a body to ash; incinerate Create
73%
To put into operation; to set in motion Lunch
73%
New; original Noel
73%
Self-satisfied Prod
73%
Sharp and pungent in taste or odor Arid
72%
Remnant of a fire Cider
72%
A ship's steering mechanism Elm
72%
Physically weak Fail
72%
To establish; to originate Fond
72%
Buccaneer Irate
72%
Cave entrance Moth
72%
A serving platter Ray
72%
A trivial matter Rifle
72%
Poetic comparison Smile
71%
To twist in pain Write
71%
Discarded or useless material Garage
70%
Unorthodox sect Cut
69%
Steep-sided inlet Ford
69%
To drift or float in the air Over
69%
Congenial; affable Peasant
69%
Majestic; noble Real
69%
Chaotic brawl Rot
69%
Piece of roofing Single
69%
Lightning flash Steak
69%
Gardening tool Towel
69%
Legally permitted Awful
68%
Fireplace Earth
68%
Splendor; distinction Gory
68%
Opulent residence Place
68%
To cut with care or precision Cave
67%
Part of a meal Curse
67%
Gentle reminder; slight push Nude
67%
Vehicle in a parade Flat
66%
Amazing; astonishing Starting
66%
Lacquer Vanish
66%
Rustic home Cain
65%
Magical words of misfortune Cure
65%
Chasm; ravine Gore
65%
Document of ownership Tile
65%
Stupor; daze Trace
65%
Melancholy Morse
64%
High-priced; expensive Step
64%
Public meeting Form
63%
Modest; morally pure Haste
63%
Disgrace; disrepute Same
63%
To piece together, as film Spice
63%
To vary the tone of the voice Infect
62%
To join together; to unite Mere
62%
To one-up; to surpass Rump
62%
Font embellishment Serf
62%
Conduit or channel for water Tough
62%
Military guard Entry
61%
Cautious; careful Way
61%
To speak evil of Align
60%
Satirist's device Iron
60%
Impoverished person Paper
60%
Ludicrous situation Face
59%
Steady; balanced Stale
59%
Quick-growing tree of the willow family Polar
58%
Part of a trumpet Vale
58%
To have life Exit
57%
To express in words; to utter Vice
57%
Obscene Led
56%
Divided up; used jointly Shred
56%
Large book Toe
56%
Ill-suited; out of shape Unit
56%
A daydream Revere
55%
Agile; nimble Spy
53%
Angry outburst Trade
53%
Deep pink Coal
52%
To discourage; to dissuade Deer
52%
Prying tool Leer
52%
Mournful song Dire
51%
Clannish Trial
51%
To swindle or deceive Due
50%
Softly bright or radiant Lament
50%
Overly zealous; frenzied Raid
49%
Nonsense Drive
48%
Flat-bottomed river boat Bare
47%
Large stomach; potbelly Punch
46%
To whirl; to spin around Grate
44%
To visit often; to frequent Hunt
43%
Appropriate; relevant German
40%
A rhythmical swing or flow Lit
39%
Wood often used for furniture Male
39%
Whimsical; amusing Roll
39%
A quantity of cookies Bath
37%
A hidden supply; stockpile Hard
37%
Saint Andrew's cross Satire
37%
To give rise to; to engender Span
37%
To cause evacuation from Pure
36%
A floodgate Slice
36%
Scarcity; shortage Death
34%
The area surrounding a church altar Cancel
27%
Unemotional; impassive Solid
21%
No matching quizzes found
Score Distribution
Percent of People with Each Score
Percentile by Number Answered
Your Score History
You have not taken this quiz